| 000 | 01781nam a22004577a 4500 | ||
|---|---|---|---|
| 003 | OSt | ||
| 005 | 20230412154418.0 | ||
| 008 | 221006b |||||||| |||| 00| 0 eng d | ||
| 040 | _cBiblioteca Lado V | ||
| 082 |
_a700 _bK41a |
||
| 100 |
_9797 _aKerraoul, Jean Pierre de _eeditor _edirector |
||
| 245 |
_aArtpress/ _bDossier photo/ |
||
| 260 |
_bCourt Gallerie _c1997 _aParis |
||
| 300 |
_c21x28cm _a82p. |
||
| 366 | _eeng | ||
| 490 |
_v97 _v1997 _x0004 3273 _a229 |
||
| 505 | _tles ventes | ||
| 505 | _texporama | ||
| 505 | _tSarajevo , Ars Aevles theatres cruels de Tony Oursler | ||
| 505 | _tdossier photographie, collections d'entreprise | ||
| 505 | _tDG-Bank, Francfort la photographie vue gratte-ciel | ||
| 505 | _tReader's digest, des images pour la fraternite | ||
| 505 | _tLhoist, une collection a usage interne | ||
| 505 | _tCaisse des depots et consignations, faciliter, resister | ||
| 505 | _tJody Zellen perdre l'habitude | ||
| 505 | _tla photographie entre idealisme postmoderne et exces de realite | ||
| 505 | _tle flou de Gerhard Richter | ||
| 505 | _tEdourd Glissant l'oeuvre-mangrove | ||
| 505 | _tles expositions/Reviews | ||
| 505 | _tle mot-cle/Keywords | ||
| 650 |
_2Tesauro de Arte & Arquitectura _aARTE _9703 |
||
| 650 |
_2Tesauro de Arte & Arquitectura _aEXPOSICIONES |
||
| 650 |
_2Tesauro de Arte & Arquitectura _aBIENAL |
||
| 650 |
_2Tesauro de Arte & Arquitectura _aAPRECIACION |
||
| 650 |
_2Tesauro de Arte & Arquitectura _aTEORIA |
||
| 650 |
_2Tesauro de Arte & Arquitectura _aCRITICA |
||
| 650 |
_2Tesauro de Arte & Arquitectura _aFOTOGRAFIA _9702 |
||
| 650 |
_2Tesauro de Arte & Arquitectura _aLITERATURA |
||
| 650 |
_2Tesauro de Arte & Arquitectura _aPARIS |
||
| 942 |
_2ddc _c1 _h700 _iK41a _n0 |
||
| 999 |
_c3345 _d3345 |
||